LEADER 01838nam1 22004693i 450 001 NAP0323965 005 20251003044247.0 010 $a8802034575 100 $a20131113g1980 ||||0itac50 ba 101 | $aita 102 $ait 181 1$6z01$ai $bxxxe 182 1$6z01$an 183 1$6z01$anc$2RDAcarrier 200 1 $aOpere di Galileo Galilei$fa cura di Franz Brunetti 210 $aTorino$cUnione tipografico-editrice torinese 215 $a v.$cill.$d24 cm. 225 | $aClassici della scienza 410 0$1001CFI0109626$12001 $aClassici della scienza 463 1$1001BRI0009706$12000 $a1$fGalileo Galilei$v1 463 1$1001BRI0009708$12000 $a2$fGalileo Galilei$v2 463 1$1001NAP0323967$12000 $a2$fa cura di Franz Brunetti$v2 463 1$1001NAP0323973$12000 $a1$fa cura di Franz Brunetti$v1 606 $aGalilei, Galileo$xOpere$2FIR$3LO1C035673$9I 676 $a500$9$v11 676 $a500$9SCIENZE PURE$v20 676 $a500$9SCIENZE NATURALI E MATEMATICA$v21 676 $a509.2$9Scienze pure. Persone$v14 700 1$aGalilei$b, Galileo$3CFIV004372$4070$04160 702 1$aBrunetti$b, Franz$f <1927-2020>$3RAVV016298$4340 790 1$aBrunetti$b, Franco$3IEIV228711$zBrunetti, Franz <1927-2020> 801 3$aIT$bIT-000000$c20131113 850 $aIT-BN0095 $aIT-NA0613 $aIT-AV0007 $aIT-SA0045 $aIT-NA0079 $aIT-AV0045 901 $bNAP MV$cR $nSala Padri 901 $bNAP AV$cSALA C $nSala consultazione 901 $bNAP BM$cSCIENZE $n$ 901 $bNAP 13$cBIBLIOTECA$nSezione unica che conserva materiale librario di vario argomento 901 $bNAP BN$cS.C. $n$ 912 $aNAP0323965 977 $a 01$a 13$a AV$a BM$a BN$a MV 996 $aOpere di Galileo Galilei$973661 997 $aUNISANNIO